|
|
|
|
| LEADER |
01047nam a2200325 4500 |
| 001 |
DLU100108681 |
| 005 |
##20100603 |
| 040 |
# |
# |
|a DLU
|b vie
|
| 041 |
# |
# |
|a vie
|
| 044 |
# |
# |
|a vn
|
| 082 |
# |
# |
|a 915.971
|b Tay
|
| 245 |
# |
# |
|a Tây Bắc - Vùng đất, con người.
|
| 260 |
# |
# |
|a H. :
|b Quân đội Nhân dân,
|c 2010.
|
| 300 |
# |
# |
|a 197 tr. ;
|c 21 cm.
|
| 490 |
# |
# |
|a Văn hoá các vùng miền
|
| 504 |
# |
# |
|a Tài liệu tham khảo: tr. 195.
|
| 505 |
# |
# |
|a Phần thứ nhất. Khái quát điều kiện tự nhiên kinh tế - xã hội và di tích, thắng cảnh ở Tây Bắc -- Phần thứ hai. Văn hoá truyền thống các dân tộc thiểu số ở Tây Bắc.
|
| 650 |
# |
# |
|a Danh lam thắng cảnh
|z Việt Nam
|z Tây Bắc
|
| 651 |
# |
# |
|a Tây Bắc (Việt Nam)
|x Mô tả và du lịch
|
| 923 |
# |
# |
|a 04/2010
|
| 991 |
# |
# |
|a SH
|
| 992 |
# |
# |
|a 32000
|
| 994 |
# |
# |
|a DLU
|
| 900 |
# |
# |
|a True
|
| 911 |
# |
# |
|a Đào Thị Thu Huyền
|
| 925 |
# |
# |
|a G
|
| 926 |
# |
# |
|a A
|
| 927 |
# |
# |
|a SH
|
| 980 |
# |
# |
|a Thư viện Trường Đại học Đà Lạt
|